[Event "World op 39th"]
[Site "Philadelphia"]
[Date "2011.07.01"]
[Round "2"]
[White "Thaler, Michael"]
[Black "Tan, McKinley E"]
[Result "0-1"]
[WhiteElo "2244"]
[BlackElo "2039"]
[PlyCount "76"]
[EventDate "2011.06.30"]
[EventType "swiss"]
[EventRounds "9"]
[EventCountry "USA"]
[SourceTitle "CBM 143 Extra"]
[Source "ChessBase"]
[SourceDate "2011.08.29"]
[SourceVersion "1"]
[SourceVersionDate "2011.08.29"]
[SourceQuality "1"]

1. e4 c5 2. Nf3 d6 3. c3 Nf6 4. Be2 g6 5. 0-0 Bg7 6. Bb5+ Bd7 7. Bxd7+ Qxd7 8. Re1 0-0 9. d4 cxd4 10. cxd4 d5 11. e5 Ne8 12. Nc3 Nc7 13. b4 Ne6 14. Qb3 Rd8 15. a4 Nc6 16. Be3 Rac8 17. a5 b6 18. Rec1 bxa5 19. b5 Nxe5 20. Nxe5 Bxe5 21. dxe5 d4 22. Bd2 dxc3 23. Bxc3 Qd3 24. Qc2 Nf4 25. Qxd3 Rxd3 26. Kf1 Rdxc3 27. Rxc3 Rxc3 28. g3 Ne6 29. Rxa5 Rc7 30. Ke2 Nc5 31. f4 Kf8 32. Ra3 Ke8 33. Ke3 Kd8 34. Kd4 Kc8 35. Kd5 Ne6 36. Ke4 Kb7 37. f5 gxf5+ 38. Kxf5 Kb6 0-1